Online katalóg knižníc regiónu Turca

Ifigénia v Aulide : (Record no. 20963)

MARC details
000 -LEADER
fixed length control field 01312nam a22003491 4500
001 - CONTROL NUMBER
control field 20963
003 - CONTROL NUMBER IDENTIFIER
control field CZ PrNK
005 - DATE AND TIME OF LATEST TRANSACTION
control field 20260207123143.0
008 - FIXED-LENGTH DATA ELEMENTS--GENERAL INFORMATION
fixed length control field 011120s1958 xo e 000 d slo
020 ## - INTERNATIONAL STANDARD BOOK NUMBER
Qualifying information (Váz.)
040 ## - CATALOGING SOURCE
Original cataloging agency ABA001
Language of cataloging cze
Transcribing agency ABA001
Modifying agency ABA001
041 1# - LANGUAGE CODE
Language code of text/sound track or separate title slo
Language code of original fre
072 #7 - SUBJECT CATEGORY CODE
Subject category code 821.133.1-2
Subject category code subdivision Francouzské drama, francouzsky psané
Source Konspekt
080 ## - UNIVERSAL DECIMAL CLASSIFICATION NUMBER
Universal Decimal Classification number 821.133.1-2
Edition identifier MRF
080 ## - UNIVERSAL DECIMAL CLASSIFICATION NUMBER
Universal Decimal Classification number (0:82-293)
Edition identifier MRF
100 1# - MAIN ENTRY--PERSONAL NAME
Personal name Gluck, Christoph Willibald,
Dates associated with a name 1714-1787
Relationship cmp
245 10 - TITLE STATEMENT
Title Ifigénia v Aulide :
Remainder of title opera v troch dejstvách /
Statement of responsibility, etc. Christoph Willibald Gluck ; libreto napísal Railly du Roullet ; preložila Jela Krčméry-Vrtelová
250 ## - EDITION STATEMENT
Edition statement 1. vyd.
260 ## - PUBLICATION, DISTRIBUTION, ETC.
Place of publication, distribution, etc. Bratislava :
Name of publisher, distributor, etc. Slovenské vydavateľstvo krásnej literatúry
Date of publication, distribution, etc. 1958
300 ## - PHYSICAL DESCRIPTION
Extent 84 s. ;
Dimensions 18 cm
490 1# - SERIES STATEMENT
Series statement Edícia operných libriet ;
Volume/sequential designation zv. 5
500 ## - GENERAL NOTE
General note Přeloženo z francouzštiny
505 20 - FORMATTED CONTENTS NOTE
Title Gluckova cesta k opernej reforme /
Statement of responsibility Ljuba Makovická
655 #7 - INDEX TERM--GENRE/FORM
Genre/form data or focus term francouzská dramata
Source of term czenas
655 #7 - INDEX TERM--GENRE/FORM
Genre/form data or focus term operní libreta
Source of term czenas
700 1# - ADDED ENTRY--PERSONAL NAME
Personal name Makovická-Facunová, Ljuba,
Dates associated with a name 1921-
Relationship cwt
700 1# - ADDED ENTRY--PERSONAL NAME
Personal name Du Roullet, François-Louis Gand Le Bland,
Dates associated with a name 1716-1786
Relationship lbt
700 1# - ADDED ENTRY--PERSONAL NAME
Personal name Krčméry-Vrteľová, Jela,
Dates associated with a name 1924-2021
Relationship trl
830 #0 - SERIES ADDED ENTRY--UNIFORM TITLE
Uniform title Edícia operných libriet
910 ## - USER-OPTION DATA (OCLC)
User-option data ABA001
942 ## - ADDED ENTRY ELEMENTS (KOHA)
Source of classification or shelving scheme Dewey Decimal Classification
Koha item type Krásna literatúra pre dospelých
Suppress in OPAC No
Holdings
Stav vyradenia Strata Poškodenie Spôsob nadobudnutia Domovská knižnica Aktuálna knižnica Dátum nadobudnutia Total checkouts Čiarový kód exemplára Date last seen Typ exemplára Verejná poznámka
      Dar Obecná knižnica Horná Štubňa Obecná knižnica Horná Štubňa 07.02.2026   4736201134 07.02.2026 Krásna literatúra pre dospelých divadelná hra
Projekt je podporený Slovenskou asociáciou knižníc
Prevádzkuje Turčianska knižnica Martin 2026